¿A mayor democracia menor posibilidad de conflicto? /
Guardado en:
| Autor principal: | |
|---|---|
| Formato: | Texto |
| Lenguaje: | Spanish |
| Etiquetas: |
Agregar Etiqueta
Sin Etiquetas, Sea el primero en etiquetar este registro!
|
MARC
| LEADER | 00000 a a2200000 04500 | ||
|---|---|---|---|
| 001 | 38594 | ||
| 003 | cru CIDCACS/IIS | ||
| 005 | 20190214155650.0 | ||
| 007 | ta | ||
| 008 | 190214b1996 cl |||||r||||||0| ||spa|| | ||
| 999 | |c 42182 |d 42182 | ||
| 040 | |c cru CIDCACS/IIS | ||
| 100 | 1 | |9 8329 |a Martín, Carlos D. | |
| 245 | 1 | 1 | |a ¿A mayor democracia menor posibilidad de conflicto? / |c Carlos D. Martín |
| 300 | |a páginas 20-:24 | ||
| 773 | 0 | |0 42179 |9 2650 |a FLACSO, Chile |d Santiago, Chle: FLACSO ; CLADDE |o 17897 |t Revista fuerzas armadas y sociedad / |w (cru CIDCACS/IIS)38594 |x 07171498 | |
| 942 | |2 ddc |c PP | ||
